000 01046nam a22003017a 4500
003 CHAP
005 20220329140524.0
008 971013s1978 r 00010 d
010 _a53280
011 _a54252
035 _a58403
040 _cCHAP
082 _a674.12
_bW4
100 0 0 _aWebster, Constance.
_9121304
245 _aTimber selection by properties the species for the job
260 _aLondon :
_bDepartment of the Environment,
_c1978
300 _av.
490 _aBuilding Research Establishment report
500 _aLa biblioteca tiene: v.1 Windows, doors, clodding and flooring
590 _aBATCH-UPD
_b10
_c20130110
_lUCH01
_h0607
590 _aCONVERSION
_b10
_c20130109
_lUCH01
_h1329
650 1 4 _aMadera
_xPropiedades y usos.
_969621
830 0 _aBuilding Research Establishment report
_916006
901 _aBK
942 _cLIBRO
949 _a674.12 W4
_bBC
_cLIBRO
_d33724000140505
_eLIBRO
_fv.1
_h57414
_i58403
_mDirecto
_si
949 _a674.12 W4
_bBC
_cLIBRO
_d33724000149944
_eLIBRO
_fv.1 c.2
_h57415
_i58403
_mDirecto
_si
999 _c53280
_d53280